01616pab a2200133 454500008004000000100001900040245007700059260000900136300001300145520122700158650002601385700002001411773005101431180718b2003 xxu||||| |||| 00| 0 eng d aNelissen, Nico aPublic management: the need for ambiguity tolerance and moral engagement c2003 ap.19-34. aThis article starts by presenting a bird's eye perspective on the history of ideas about public management (Section I). Several stages in the intellectual history of public management are distinguished. After the big picture of the evolution of thinking about public management attention is given to societal developments, as perceived by public managers (Section 2). Top civil servants in The Netherlands were asked to mention societal developments that they believe to be of crucial importance for the future of public management. High-ranking issues were "receding government", business-like government", and "declining trust in government." Confronted with these intractable challenges, how can public managers be served by the approaches available in public management thinking? The authors argue that the issue is not to choose one approach and dump the others (Section 3). Instead, they conceive of the public manager as a simultaneous chess player who has to balance competing values all the time. As a guide to action for the public manager the authors stress the importance of (a) developing the intrapersonal skill of ambiguity tolerance; and (b) strengthening a moral commitment to public values. - Reproduced. aPublic administration aGoede, Peter de aInternational Journal of Public Administration